000 00212 a2200097 4500
001 30178
100 _aJones Philip
245 _aThe month of the Pearl
260 _aLondon
_bPan Books
_c
090 _c20121
_d20121
942 _aNUST-CAE
_cM
_c11250
999 _c265251
_d265251